01675 a2200277 45000010006000000050017000060080041000230030015000640400040000790800033001192450020001520200022001722500012001942640040002063000024002465050857002700410008011271000019011357000014011547000018011687000017011867000024012037000032012277000039012598560099012984989620260407155759.0260407a2006 arg spa dAR-UNSa-BCEJYS aAR-UNSa-BCEJYSbspacAR-UNSa-BCEJYS a330.101.542xMicroeconomía10aMicroeconomía a978-84-205-4623-0 a3a. ed. 1aMadrid :bPearson Educaciónc2006 axii, 831 p.c25 cm. a1. Naturaleza y ámbito de la microeconomía – 2. La teoría del consumidor – 3. La teoría del consumidor: dualidad – 4. Más modelos de conducta del consumidor – 5. La producción – 6. El coste – 7. La empresa y los objetivos de la empresa – 8. Teoría de los mercados competitivos – 9. El monopolio – 10. Los mercados de factores productivos – 11. El mercado de capitales – 12. Equilibrio general – 13. La economía del bienestar – 14. Fallos de mercado y fallos de gobierno – 15. La teoría de juegos – 16. Oligopolio – 17. Elección bajo incertidumbre – 18. Producción en condiciones de incertidumbre – 19. Seguros, reparto y agrupación de riesgos – 20. Teoría de la agencia, teoría de contratos y la empresa – 21. Equilibrio general en condiciones de incertidumbre y mercados incompletos. aspa1 aGravelle, Hugh1 aRees, Ray1 aLeal, Roberto1 aMoreno, Yago1 aMaté, Jorge Julio1 aPérez Domínguez, Carlos1 aRodríguez Caballero, Juan Carlos41uhttps://www.biblioeco.unsa.edu.ar/pmb/images/libros/L128221.jpgyImagen de portadaqimage/jpeg